000 00519nam a2200181Ia 4500
008 090124s9999 xx 000 0 und d
082 _b108029
100 _aसरदेसाई लक्ष्मणराव
245 _a मोहोर
250 _a1
260 _c1960
300 _a192
600 _aसरदेसाई लक्ष्मणराव
630 _a मोहोर
700 _aसरदेसाई लक्ष्मणराव
730 _a मोहोर
942 _cBOOK
999 _c154120
_d154120